000
00333nam a2200133 a 4500
005
20140414132107.0
008
100906s19uu xx 00 eng d
020
_a
978-1-84898-082-2
050
_a
REF 639
_b
R15 2005
100
_a
Randall, Ronne
245
_a
Wild world.
260
_a
Kent, UK :
_b
Ticktock,
_c
2009.
999
_c
114644
_d
114644